01280nas a2200265Ia 4500001001100000003000900011008004100020040001300061040001300074041001200087100004700099210001400146222001400160245012200174250001100296260002800307501008600335300002000421362002500441500026800466650003900734942000700773999001900780952021500799R703/72966IT-RoPAU151124c99999999xx |||||||||||| ||und|| aIT-RoPAU cIT-RoPAU aINGLESE aPoyatos FernandogCodice Aut. SPICS: 3751 aSEMIOTICA aSemiotica aSEMIOTICA, VOL.70-N.3/4 (1988)bCommunicative Status Of Human Audible Movements (The): Before And Beyond Paralanguage a1a ed. aAMSTERDAMbMOUTONc1988 bPaulus - SPICS - Società San Paolo EM (non-commercial uses only)cCopyright2015 a36 p. [265-300] aVOL.70, N.3/4 (1988) aStato Comunicativo dei Movimenti Umani Udibili: Prima e Oltre il Paralinguaggio. Segno Emittente Attività e Non Attività del Corpo Umano. Possibilità Anatomiche Articolatorie del Corpo Umano. Possibilità Cinesiche del Corpo Umano. Inventario Inglese dei M aSEMIOTICAvPUBBLICAZIONE PERIODICA cCR c186611d186611 0010406R_703_72966000000000071aSPICSbSPICSd2015-11-25l0oR703/72966r2015-11-25 00:00:00w2015-11-25yCRzProgr. Ins: 88733 / Copia rara: NO / date import: 25.11.2015 / By Epidotti, Trombetti, Vaglietti